000 00561nam a2200229Ia 4500
003 OSt
005 20220912144341.0
006 a|||||r|||| 00| 0
007 ta
008 220909b |||||||| |||| 00| 0 eng d
020 _aSL0941199
024 _a189242
037 _cTextual
040 _aCSL
_beng
_cCSL
041 _aeng
082 _aB28, L3;M8;2
100 _aKapoor; Gupta
245 0 _aElements of mathematical statistics
700 _aKapoor; Gupta
942 _hB28, L3;M8;2
_cTEXL
_2CC
999 _c5743
_d5743